Statistics for Islands to country

Click here to take the quiz!

General Stats

  • This quiz has been taken 39 times
  • The average score is 16 of 28

Answer Stats

HintAnswer% Correct
NewfoundlandCanada
97%
SulawesiIndonesia
89%
OkinawaJapan
86%
PhuketThailand
86%
HainanChina
83%
RéunionFrance
83%
PalauPalau
83%
GotlandSweden
83%
NantucketUSA
75%
ElbaItaly
67%
Robben IslandSouth Africa
64%
LanzarotteSpain
64%
KrkCroatia
58%
LundyUK
58%
SuomenlinnaFinland
56%
Jan MayenNorway
56%
ChiloeChile
50%
SchiermonnikoogNetherlands
47%
GozoMalta
44%
Viti LevuFiji
39%
SaaremaaEstonia
36%
LollandDenmark
33%
SocotraYemen
33%
BorkumGermany
31%
SurtseyIceland
31%
IsabelaEcuador
22%
Schmidt IslandRussia
19%
AndrosBahamas
17%

Score Distribution

Percentile by Number Answered

Percent of People with Each Score

Your Score History

You have not taken this quiz